| 000 | 00747nam a22002297a 4500 | ||
|---|---|---|---|
| 999 |
_c15700 _d15700 |
||
| 003 | AR-CdUCM | ||
| 008 | 190429b ||||| |||| 00| 0 spa d | ||
| 040 |
_aMUNICIPALIDAD PROVINCIAL DEL CUSCO _cBIBLIOTECA MUNICIPAL DEL CUSCO |
||
| 082 |
_aEP / 398 / _bSA25 |
||
| 110 |
_aUNICEF. _99438 |
||
| 245 | _aSantuspa Uywankuna / | ||
| 260 |
_aLima : _bEscuela de Kullachaka, _bImpr. Acuarios, _c2007. |
||
| 300 |
_a13 páginas ; _bilustraciones, _c20 cm. |
||
| 650 |
_aAprendizaje _92143 |
||
| 650 |
_aCuentos infantiles _93927 |
||
| 650 |
_aSiglo XXI _92856 |
||
| 700 |
_aQuispe Mejía, Alejandrino (colaborador) _934868 |
||
| 710 |
_aUNICEF. _99438 |
||
| 710 |
_aMinisterio de Educación. _97325 |
||
| 942 |
_2ddc _cLIBROS |
||
| 945 |
_aachl _d2019-04-29 |
||